| 000 | 01873cam a22004577a 4500 | ||
|---|---|---|---|
| 003 | CHAP | ||
| 005 | 20220817043017.0 | ||
| 008 | 971014s1996 r 00010 d | ||
| 010 | _a62623 | ||
| 011 | _a63595 | ||
| 035 | _a67771 | ||
| 040 | _cCHAP | ||
| 082 |
_a630.83 _bI56 Q.R. |
||
| 110 |
_aInstituto Nacional de Estadística, Geografía e Informática. México _959304 |
||
| 245 | 0 |
_aIndicadores básicos censales _b: Quintana Roo |
|
| 260 |
_aAguascalientes, Ags. : _bINEGI, _c1996 |
||
| 300 |
_a93 p. _b; anexos _e+ 1 anexo (20 diagramas de universos) |
||
| 590 |
_aBATCH-UPD _b10 _c20130110 _lUCH01 _h0036 |
||
| 590 |
_aBATCH-UPD _b10 _c20130110 _lUCH01 _h0647 |
||
| 590 |
_aBATCH-UPD _b10 _c20130410 _lUCH01 _h0331 |
||
| 590 |
_aBATCH-UPD _b10 _c20130913 _lUCH01 _h2117 |
||
| 590 |
_aCONVERSION _b10 _c20130109 _lUCH01 _h1334 |
||
| 650 | 1 | 4 |
_aAgricultura _xEstadisticas _xQuintana Roo. _91442 |
| 650 | 1 | 4 |
_aAgricultura _xQuintana Roo. |
| 650 | 1 | 4 |
_aBosques _xEstadísticas _xQuintana Roo. _914158 |
| 650 | 1 | 4 |
_aCrédito agrícola _xQuintana Roo. _929076 |
| 650 | 1 | 4 |
_aCultivos _xEstadísticas. _930269 |
| 650 | 1 | 4 |
_aCultivos _xQuintana Roo. _930316 |
| 650 | 1 | 4 |
_aEjidos _xQuintana Roo. _936027 |
| 650 | 1 | 4 |
_aGanadería _xEstadísticas _zQuintana Roo. _944723 |
| 650 | 1 | 4 |
_aGanadería _xQuintana Roo. _944840 |
| 650 | 1 | 4 |
_aMaquinaria agrícola _xEstadísticas. _971170 |
| 650 | 1 | 4 |
_aTierras _xTenencia _xQuintana Roo. _9113196 |
| 790 | _aCensos agropecuarios (7o), 1991 | ||
| 901 | _aBK | ||
| 942 | _cLIBRO | ||
| 949 |
_a630.83 I56 Q.R. _bBC _cC _d33724000686739 _eC _gI. c/e _h92318 _i67771 _si _t28.00 |
||
| 949 |
_a630.83 I56 Q.R. _bBC _cESP _d-153156 _eESP _fanexo _h92318 _i67771 _sb _t28.00 |
||
| 949 |
_a630.83 I56 Q.R. _bBC _cESP _d677712 _eESP _fanexo c.2 _gDonaciØn _h100485 _i67771 _sb |
||
| 949 |
_a630.83 I56 Q.R. _bBC _cINEGI _d33724000899605 _eINEGI _fc.2 _gDonaciØn _h100485 _i67771 _sb |
||
| 999 |
_c62623 _d62623 |
||